书目信息 |
| 题名: |
薄壁缺陷结构及其可靠性与安全性
|
|
| 作者: | 刘刚 著 | |
| 分册: | ||
| 出版信息: | 北京 人民交通出版社 2002.10 |
|
| 页数: | 215页 | |
| 开本: | 21cm | |
| 丛书名: | ||
| 单 册: | ||
| 中图分类: | TG142.41 | |
| 科图分类: | ||
| 主题词: | 轻型钢结构--结构可靠性--研究 , 轻型钢结构--结构安全度--研究 , 结构可靠性 , 结构安全度 | |
| 电子资源: | ||
| ISBN: | 7-114-04298-1 | |
| 000 | 00758nam0 2200253 45 | |
| 001 | 012004000000 | |
| 005 | 20050110152420.19 | |
| 010 | @a7-114-04298-1@dCNY 24.00 | |
| 100 | @a20040920d2002 em y0chiy0121 ea | |
| 101 | 0 | @achi |
| 102 | @aCN@b110000 | |
| 105 | @aak z 000yy | |
| 200 | 1 | @a薄壁缺陷结构及其可靠性与安全性@Abao bi que xian jie gou ji qi ke kao xing yu an quan xing@f刘刚著 |
| 210 | @a北京@c人民交通出版社@d2002.10 | |
| 215 | @a215页@c图, 表格@d21cm | |
| 320 | @a附参考文献 | |
| 606 | 0 | @a轻型钢结构@x结构可靠性@x研究 |
| 606 | 0 | @a轻型钢结构@x结构安全度@x研究 |
| 606 | 0 | @a结构可靠性 |
| 606 | 0 | @a结构安全度 |
| 690 | @aTG142.41@v4 | |
| 701 | 0 | @a刘刚@Aliu gang@4著 |
| 801 | 0 | @aCN@bQSSKw@c20050110 |
| 905 | @a10447@dTG142.41@eL612 | |
| 薄壁缺陷结构及其可靠性与安全性/刘刚著.-北京:人民交通出版社,2002.10 |
| 215页:图, 表格;21cm |
| ISBN 7-114-04298-1:CNY 24.00 |
| ● |
| 相关链接 |
|
|
|
正题名:薄壁缺陷结构及其可靠性与安全性
索取号:TG142.41/L612
 
预约/预借
| 序号 | 登录号 | 条形码 | 馆藏地/架位号 | 状态 | 备注 |
| 1 | 435664 | 204356641 | 自科库501/501自科库 24排4列3层/ [索取号:TG142.41/L612] | 在馆 | |
| 2 | 435665 | 204356650 | 自科二线504/504自科库 41排1列3层/ [索取号:TG142.41/L612] | 在馆 | |
| 3 | 435666 | 204356669 | 自科库501/501自科库 24排4列3层/ [索取号:TG142.41/L612] | 在馆 |